000
00239nam a22001217a 4500
040
_c
SK
082
_a
338
100
_a
FELICIANO R.
245
_a
Agricultural economics
260
_a
PHILIPINES
_b
FEL
_c
1999
300
_a
308p.
942
_c
EK
999
_c
9631
_d
9631